[Event "POLFINAL MISTRZOSTW POLSKI JUNIOROW 2019 - D13"]
[Site "Ustron"]
[Date "1899-12-30"]
[Round "7.10"]
[White "Gac-mytych, Sara"]
[Black "Pieczewska, Jadwiga"]
[Result "0-1"]
[WhiteTitle "II"]
[BlackTitle "II"]
[WhiteElo "1069"]
[BlackElo "1073"]

1. e4 e6 2. d4 d5 3. exd5 exd5 4. Nf3 Nf6 5. Bd3 Be6 6. O-O h6 7. Bf4 c5 8. dxc5
Bxc5 9. Nc3 Nc6 10. Bb5 O-O 11. h3 Rc8 12. Re1 Qb6 13. Qe2 a6 14. Bxc6 Qxc6 15.
Ne5 Qe8 16. Rac1 Qd8 17. Na4 Bd6 18. Qe3 Bxe5 19. Bxe5 Re8 20. Qe2 Rc4 21. Bxf6
Qxf6 22. b3 Re4 23. Qd3 Bf5 24. Rxe4 Bxe4 25. Qg3 Rc8 26. f3 Bg6 27. c3 b5 28.
Nb2 b4 29. Qg4 Bf5 30. Qxb4 Qg5 31. Re1 Bxh3 32. g4 Qd2 33. Nd3 Qg2# 0-1

[Event "POLFINAL MISTRZOSTW POLSKI JUNIOROW 2019 - D13"]
[Site "Ustron"]
[Date "1899-12-30"]
[Round "8.1"]
[White "Oborska, Magda"]
[Black "Staniewicz, Adrianna"]
[Result "1-0"]
[WhiteTitle "I+"]
[BlackTitle "WCM"]
[WhiteElo "1405"]
[BlackElo "1223"]

1. c4 Nf6 2. Nc3 e6 3. d4 Bb4 4. Bg5 Bxc3+ 5. bxc3 h6 6. Bh4 b6 7. f3 d6 8. e4
Nbd7 9. Qa4 O-O 10. Bd3 e5 11. Ne2 Re8 12. O-O Nf8 13. Bxf6 gxf6 14. f4 Bg4 15.
Ng3 Bd7 16. Qd1 Ng6 17. f5 Nf4 18. Rxf4 exf4 19. Qg4+ Kh7 20. Nh5 Rg8 21. Qh4
Rg5 22. Rf1 Qh8 23. Rf3 Kg8 24. Rh3 Kf8 25. Nxf4 c6 26. Qxh6+ Qxh6 27. Rxh6 Ke7
28. Nh5 Rag8 29. g3 Kd8 30. Kf2 Rf8 31. Nxf6 Rg7 32. Nh5 Rg5 33. h4 Rgg8 34. Rxd6
Kc7 35. Rxd7+ Kxd7 36. Nf6+ Ke7 37. Nxg8+ Rxg8 38. e5 Rb8 39. a4 a6 40. d5 cxd5
41. cxd5 a5 42. g4 Rc8 43. f6+ Kf8 44. c4 Re8 45. d6 Rd8 46. Ke3 Ke8 47. Bf5 Kf8
48. h5 Kg8 49. g5 Kf8 50. g6 fxg6 51. hxg6 Re8 52. Kf4 Rd8 53. d7 Kg8 54. Be6+
Kh8 55. g7+ Kh7 56. g8=Q+ Rxg8 57. Bxg8+ Kxg8 58. d8=Q+ Kh7 59. Qe7+ Kh6 60. Qg7+
Kh5 61. Qg5# 1-0

[Event "POLFINAL MISTRZOSTW POLSKI JUNIOROW 2019 - D13"]
[Site "Ustron"]
[Date "1899-12-30"]
[Round "8.2"]
[White "Bialek, Alicja"]
[Black "Mazurek, Maja"]
[Result "1/2-1/2"]
[WhiteTitle "I"]
[BlackTitle "I"]
[WhiteElo "1391"]
[BlackElo "1246"]

1. e4 d5 2. exd5 Qxd5 3. Nc3 Qd6 4. d4 Nf6 5. Nb5 Qb6 6. Nf3 c6 7. Na3 Bg4 8. c3
e6 9. Nc4 Qc7 10. Nce5 Bd6 11. Bf4 Nh5 12. Nxg4 Nxf4 13. Qd2 Nd7 14. g3 Ng6 15.
Bg2 O-O 16. O-O Rfe8 17. Rad1 Rad8 18. Rfe1 f5 19. Ne3 Nf6 20. Nc4 Ne4 21. Qc2
h6 22. Nxd6 Nxd6 23. Rd2 Qf7 24. Rde2 Ne4 25. Ne5 Nxe5 26. Bxe4 Ng4 27. Bf3 Nf6
28. Qb3 Nd5 29. Re5 Kh7 30. h3 Rd7 31. c4 Nf6 32. Qe3 Rdd8 33. d5 exd5 34. Qd3
Rxe5 35. Rxe5 Ne4 36. cxd5 Rxd5 37. Qb3 Qd7 38. Rxe4 Rd3 39. Qc2 Rd2 40. Re7 Rxc2
41. Rxd7 Rxb2 42. a4 Rb1+ 43. Kg2 Rb4 44. Bd1 Kg6 45. Bc2 Kf6 46. Rd6+ Ke7 47.
Rd1 f4 48. gxf4 Rxf4 49. Rb1 b6 50. Re1+ Kd7 51. Rd1+ Ke7 52. f3 Rc4 53. Bb3 Rb4
54. Re1+ Kd7 55. Rb1 Kc7 56. Kg3 c5 57. f4 c4 58. Bc2 Rxb1 59. Bxb1 Kc6 60. Kg4
b5 61. axb5+ Kxb5 62. Kf5 a5 63. Kg6 a4 64. Kxg7 a3 65. f5 c3 66. f6 c2 67. f7
cxb1=Q 68. f8=Q Qg1+ 69. Kh7 Qb1+ 70. Kxh6 1/2-1/2

[Event "POLFINAL MISTRZOSTW POLSKI JUNIOROW 2019 - D13"]
[Site "Ustron"]
[Date "1899-12-30"]
[Round "8.3"]
[White "Egeman, Emilia"]
[Black "Pastuszko, Katarzyna"]
[Result "0-1"]
[WhiteTitle "II+"]
[BlackTitle "I"]
[WhiteElo "1177"]
[BlackElo "1235"]

1. e4 e5 2. Nf3 Nc6 3. Bc4 Nf6 4. d3 Bc5 5. O-O O-O 6. Re1 d6 7. h3 Be6 8. Bxe6
fxe6 9. c3 d5 10. exd5 exd5 11. Re2 Qd7 12. Qb3 b6 13. Be3 Bd6 14. d4 e4 15. Nh2
Kh8 16. Nd2 Ne7 17. c4 c5 18. dxc5 bxc5 19. cxd5 Nexd5 20. Bg5 Rab8 21. Qc2 Qf5
22. Bxf6 Nxf6 23. Nxe4 Nxe4 24. Qxe4 Qxe4 25. Rxe4 Rxb2 26. Nf3 Kg8 27. Ra4 Rf7
28. Rd1 Bb8 29. Kf1 Rfb7 30. Ra5 c4 31. Rc5 Rxa2 32. Rxc4 Rbb2 33. Rd2 Rxd2 34.
Nxd2 Rxd2 35. Rc8+ Kf7 36. Rxb8 a5 37. Rb1 Rd6 38. Ra1 Ra6 39. Ra4 Ke6 40. Ke2
Kd5 41. Kd3 Kc5 42. Rg4 Ra7 43. Kc3 Rb7 44. Rg5+ Kb6 45. Kb3 Ka6+ 46. Ka3 g6 47.
Re5 Rb5 48. Re6+ Rb6 49. Re5 Rb5 50. Re6+ Rb6 51. Re5 Rf6 52. f3 Rd6 53. Ka4 Rd4+
54. Ka3 Rd2 55. Rg5 Rd3+ 56. Ka4 Rd4+ 57. Ka3 Kb6 58. Re5 Rc4 59. Kb3 Rc5 60.
Re4 Rd5 61. Ka4 Rc5 62. Re6+ Rc6 63. Re5 Rc5 64. Re6+ Rc6 65. Re5 Rc4+ 66. Kb3
Rd4 67. Ka3 Rd2 68. Rg5 Kc6 69. Ka4 Rd4+ 70. Kb3 Rd5 71. Rg4 Kb5 72. h4 Re5 73.
Ka3 Re3+ 74. Kb2 Re2+ 75. Kb3 Re3+ 76. Kb2 Re2+ 77. Kb3 Re5 78. Kb2 a4 79. Ka3
Re3+ 80. Kb2 a3+ 81. Ka2 Rc3 82. Kb1 Rc4 83. Ka2 Rxg4 84. fxg4 Kc4 85. h5 g5 86.
Kxa3 Kd4 87. Kb2 Ke4 88. Kc2 Kf4 89. Kd2 Kxg4 90. Ke2 Kxh5 91. Kf2 Kg4 92. Kg1
Kf4 93. Kh2 Ke3 94. Kg1 h6 95. Kf1 h5 96. Kg1 Ke2 97. Kh2 Kf2 98. Kh3 h4 99. Kh2
g4 100. Kh1 Kg3 101. Kg1 h3 102. gxh3 Kxh3 103. Kh1 g3 104. Kg1 g2 0-1

[Event "POLFINAL MISTRZOSTW POLSKI JUNIOROW 2019 - D13"]
[Site "Ustron"]
[Date "1899-12-30"]
[Round "8.4"]
[White "Para, Aleksandra"]
[Black "Nowak, Zuzanna"]
[Result "1/2-1/2"]
[WhiteTitle "II+"]
[BlackTitle "I"]
[WhiteElo "1186"]
[BlackElo "1180"]

1. e4 e5 2. Nf3 Nc6 3. Bc4 Nf6 4. d3 Bc5 5. c3 O-O 6. Bb3 h6 7. h3 Re8 8. Nbd2
a6 9. Nf1 d5 10. Qe2 Be6 11. Bc2 Qd6 12. Ng3 Rad8 13. O-O Bc8 14. Rd1 Bb6 15.
Be3 Bxe3 16. Qxe3 d4 17. cxd4 exd4 18. Qd2 Ne5 19. Nh4 Qb6 20. f4 Nc6 21. Bb3
Be6 22. Bxe6 Rxe6 23. Nf3 Nd7 24. f5 Ree8 25. Rac1 Nce5 26. Nxe5 Nxe5 27. Rc2
Qd6 28. Nh1 c6 29. a3 Kh7 30. Rf1 Qf6 31. Rcc1 Rd6 32. Rcd1 g6 33. Qf4 gxf5 34.
Qxf5+ Qxf5 35. Rxf5 Rg6 36. Kf2 f6 37. g4 Kg7 38. Ng3 Rg5 39. Nh5+ Kh8 40. Rxf6
Rg6 41. Rxg6 Nxg6 42. Ke2 Re5 43. Rf1 Kg8 44. Rf5 Re6 45. Rf6 Rxf6 46. Nxf6+ Kf7
47. Nh5 Ke6 48. b3 Ke5 49. Kf3 Nh4+ 50. Kg3 Ng6 51. h4 c5 52. a4 b5 53. axb5 axb5
54. g5 hxg5 55. hxg5 c4 56. dxc4 Kxe4 57. Kf2 bxc4 58. bxc4 Kd3 59. Ng3 Kxc4 60.
Ke2 Kc3 61. Kd1 Kd3 62. Ne2 1/2-1/2

[Event "POLFINAL MISTRZOSTW POLSKI JUNIOROW 2019 - D13"]
[Site "Ustron"]
[Date "1899-12-30"]
[Round "8.5"]
[White "Rojek, Paulina"]
[Black "Kucharska, Helena"]
[Result "0-1"]
[WhiteTitle "I"]
[BlackTitle "I"]
[WhiteElo "1092"]
[BlackElo "1630"]

1. d4 d5 2. f4 Bf5 3. Nf3 e6 4. e3 c5 5. c3 Nc6 6. Bd3 Bxd3 7. Qxd3 Be7 8. O-O
Nh6 9. Nbd2 Nf5 10. Ne5 O-O 11. Ndf3 f6 12. Nxc6 bxc6 13. e4 c4 14. Qe2 Nd6 15.
exd5 exd5 16. g3 Qc7 17. Nh4 Rae8 18. Qe6+ Kh8 19. Qh3 Kg8 20. Qe6+ Rf7 21. Qg4
f5 22. Qh3 Bxh4 23. Qxh4 Ne4 24. b3 cxb3 25. Re1 Rf6 26. Qh3 Rb8 27. Bb2 bxa2
28. Rxa2 g6 29. Qg2 Qb6 30. Qc2 Rf7 31. c4 Qb3 32. Ba3 dxc4 33. Qxb3 cxb3 34.
Rb2 Rd7 35. Bc5 a5 36. Ra1 Rb5 37. Ra3 Nxc5 38. dxc5 Rd3 39. Kf2 Kf7 40. Ke2 Rc3
41. Kd2 Rcxc5 42. Rbxb3 Rxb3 43. Rxb3 Rb5 44. Rxb5 cxb5 45. Kc3 b4+ 46. Kb3 Ke6
47. Kc4 Kf6 48. h4 h6 49. Kb3 g5 50. h5 gxf4 51. gxf4 Ke6 52. Kc4 Kd6 53. Kd4
b3 54. Kc3 a4 55. Kb2 Kd5 56. Kc3 Kc5 57. Kb2 Kb4 58. Kb1 Kc3 59. Ka1 b2+ 0-1

[Event "POLFINAL MISTRZOSTW POLSKI JUNIOROW 2019 - D13"]
[Site "Ustron"]
[Date "1899-12-30"]
[Round "8.6"]
[White "Lajdamik, Anna"]
[Black "Sidlo, Malgorzata"]
[Result "0-1"]
[WhiteTitle "I"]
[BlackTitle "II+"]
[WhiteElo "1356"]
[BlackElo "1118"]

1. e4 e5 2. Nf3 Nf6 3. Nc3 Nc6 4. d4 exd4 5. Nd5 Bb4+ 6. Bd2 Bxd2+ 7. Qxd2 Nxe4
8. Qf4 O-O 9. Nxc7 Rb8 10. Qxe4 Qxc7 11. Ng5 Qa5+ 12. Kd1 Qxg5 13. Bd3 g6 14.
h4 Qe5 15. Qf3 Qg7 16. h5 d6 17. hxg6 fxg6 18. Qe2 Ne5 19. Kd2 Nxd3 20. cxd3 Qf7
0-1

[Event "POLFINAL MISTRZOSTW POLSKI JUNIOROW 2019 - D13"]
[Site "Ustron"]
[Date "1899-12-30"]
[Round "8.7"]
[White "Walendykiewicz, Martyna"]
[Black "Dallemura, Anna"]
[Result "0-1"]
[WhiteTitle "I"]
[BlackTitle "I"]
[WhiteElo "1223"]
[BlackElo "1328"]

1. e4 e5 2. Nf3 Nc6 3. Bb5 a6 4. Bxc6 dxc6 5. O-O Bd6 6. d4 exd4 7. Nxd4 f6 8.
Re1 Ne7 9. Be3 c5 10. Nb3 b6 11. Qh5+ g6 12. Qf3 Be5 13. Rd1 Bd7 14. c3 Qc8 15.
N1d2 Bg4 16. Qxg4 Qxg4 17. h3 Qe6 18. Nf3 O-O 19. Rd2 Rfd8 20. Nxe5 Qxe5 21. Rad1
Rd6 22. Rxd6 cxd6 23. Nd2 b5 24. Nf3 Qxe4 25. Rxd6 Nf5 26. Nd2 Qe7 27. Rd5 Nxe3
28. fxe3 Qxe3+ 29. Kh2 c4 30. Rd4 f5 31. Nf3 Re8 32. a3 Qf2 33. Rd2 Re2 34. Rxe2
Qxe2 0-1

[Event "POLFINAL MISTRZOSTW POLSKI JUNIOROW 2019 - D13"]
[Site "Ustron"]
[Date "1899-12-30"]
[Round "8.8"]
[White "Pietrzak, Emilia"]
[Black "Labedz, Gabriela"]
[Result "1-0"]
[WhiteTitle "I"]
[BlackTitle "I"]
[WhiteElo "1224"]
[BlackElo "1226"]

1. e4 c5 2. Nf3 Nc6 3. Bb5 g6 4. Bxc6 dxc6 5. O-O Bg7 6. d3 Nf6 7. Nc3 O-O 8. Be3
b6 9. Qd2 Bb7 10. Bh6 Re8 11. Bxg7 Kxg7 12. Rad1 e5 13. Ng5 Nh5 14. Ne2 h6 15.
Nf3 Nf6 16. b3 Qc7 17. Ng3 Rad8 18. Nh4 Ba6 19. Nhf5+ gxf5 20. Nxf5+ Kg8 21. Qxh6
Nh5 22. Qg5+ Kf8 23. Qxh5 f6 24. Qh8+ Kf7 25. Qg7+ Ke6 26. Qxc7 1-0

[Event "POLFINAL MISTRZOSTW POLSKI JUNIOROW 2019 - D13"]
[Site "Ustron"]
[Date "1899-12-30"]
[Round "8.9"]
[White "Pieczewska, Jadwiga"]
[Black "Kokot, Agnieszka"]
[Result "0-1"]
[WhiteTitle "II"]
[BlackTitle "II+"]
[WhiteElo "1073"]
[BlackElo "1177"]

1. d4 Nf6 2. Nf3 g6 3. g3 Bg7 4. Bg2 d6 5. O-O O-O 6. c4 Nbd7 7. b3 e5 8. Nc3 Re8
9. Bb2 exd4 10. Nxd4 Rb8 11. Re1 Nc5 12. Qc2 Bd7 13. a3 Qc8 14. b4 Ne6 15. e3
Ng5 16. Nf3 Bf5 17. Qc1 Nxf3+ 18. Bxf3 Bh3 19. Bg2 Qf5 20. Qd1 Bxg2 21. Kxg2 Ne4
22. Nxe4 Bxb2 23. Ra2 Qxe4+ 24. f3 Qxc4 25. Rxb2 Qc3 26. Rb3 Qc6 27. Qd3 Re5 28.
Rc3 Qd7 29. Qd4 a6 30. Rd1 Rbe8 31. e4 Qe7 32. Qc4 c6 33. Re1 d5 34. Qc5 Qxc5
35. Rxc5 R5e7 36. Rc3 dxe4 37. Rce3 exf3+ 38. Kxf3 Rxe3+ 39. Rxe3 Rxe3+ 40. Kxe3
f6 41. h3 Kf7 42. g4 Ke6 43. Ke4 h6 44. h4 f5+ 45. gxf5+ gxf5+ 46. Kf4 Kf6 47.
h5 b6 48. a4 c5 49. b5 a5 0-1

[Event "POLFINAL MISTRZOSTW POLSKI JUNIOROW 2019 - D13"]
[Site "Ustron"]
[Date "1899-12-30"]
[Round "8.11"]
[White "Wiszniewska, Gabriela"]
[Black "Gac-mytych, Sara"]
[Result "1/2-1/2"]
[WhiteTitle "I"]
[BlackTitle "II"]
[WhiteElo "1061"]
[BlackElo "1069"]

1. e4 e5 2. d4 exd4 3. Bc4 Bc5 4. Bxf7+ Kf8 5. Bc4 Qf6 6. Qh5 Bb6 7. Bg5 Qg6 8.
Qxg6 hxg6 9. Bxg8 Kxg8 10. Nf3 d6 11. Nbd2 Nc6 12. a3 Bg4 13. Nh4 Kf7 14. h3 Be6
15. Nhf3 Rae8 16. O-O-O Ne5 17. Bf4 Nxf3 18. Nxf3 d3 19. Rxd3 Bxf2 20. Rf1 Bb6
21. Bg5 Kg8 22. e5 Bc4 23. Rdd1 Bxf1 24. exd6 cxd6 25. Rxf1 Be3+ 26. Bxe3 Rxe3
27. Re1 Rxe1+ 28. Nxe1 Rh5 29. Nf3 Rf5 30. Kd2 Kf7 31. Ke3 Rc5 32. Kd3 Ke6 33.
b4 Rd5+ 34. Ke4 Rd1 35. a4 Ra1 36. a5 Ra4 37. c3 Ra2 38. g4 d5+ 39. Kd4 Ra1 40.
Ng5+ Kd6 41. Nf7+ Ke7 42. Ne5 Kf6 43. Nd7+ Kg5 44. Nc5 b6 45. axb6 axb6 46. Nd7
b5 47. Kxd5 Rc1 48. Kc5 Rxc3+ 49. Kxb5 Rxh3 50. Kc6 Rc3+ 51. Nc5 Rc1 52. b5 Rb1
53. b6 Kxg4 54. b7 Kf3 55. Kc7 g5 56. Ne6 g4 57. Nxg7 g3 58. Nf5 g2 59. Nh4+ Kf2
60. Nxg2 Kxg2 61. b8=Q Rxb8 62. Kxb8 1/2-1/2

[Event "POLFINAL MISTRZOSTW POLSKI JUNIOROW 2019 - D13"]
[Site "Ustron"]
[Date "1899-12-30"]
[Round "9.1"]
[White "Pastuszko, Katarzyna"]
[Black "Oborska, Magda"]
[Result "0-1"]
[WhiteTitle "I"]
[BlackTitle "I+"]
[WhiteElo "1235"]
[BlackElo "1405"]

1. e4 d6 2. d4 Nf6 3. Nc3 e5 4. Nf3 Nbd7 5. Bc4 Be7 6. O-O O-O 7. Be3 c6 8. a4
b6 9. Qe2 a6 10. Rad1 Qc7 11. Nh4 b5 12. Nf5 Nb6 13. axb5 axb5 14. Nxe7+ Qxe7
15. Bxb5 exd4 16. Bxd4 cxb5 17. Bxb6 b4 18. Nb5 Ba6 19. Ra1 Qb7 20. Ra5 Qxb6 21.
Rfa1 Bxb5 22. Qxb5 Qxb5 23. Rxa8 h6 24. R1a5 Rxa8 25. Rxa8+ Kh7 26. h3 Nxe4 27.
Ra7 Nxf2 28. Rxf7 Nd1 29. Rf3 Qe2 30. Rd3 Ne3 0-1

[Event "POLFINAL MISTRZOSTW POLSKI JUNIOROW 2019 - D13"]
[Site "Ustron"]
[Date "1899-12-30"]
[Round "9.2"]
[White "Dallemura, Anna"]
[Black "Bialek, Alicja"]
[Result "1/2-1/2"]
[WhiteTitle "I"]
[BlackTitle "I"]
[WhiteElo "1328"]
[BlackElo "1391"]

1. e4 c5 2. Nf3 d6 3. d4 cxd4 4. Nxd4 Nf6 5. Nc3 g6 6. Be2 Bg7 7. O-O Nc6 8. Nb3
O-O 9. Bg5 a6 10. f4 b5 11. Bf3 Bb7 12. Nd5 Nxd5 13. exd5 Nb8 14. c3 Nd7 15. Qe2
Re8 16. Rfe1 Nf6 17. Rad1 Qd7 18. Qd3 a5 19. Re2 h6 20. Bh4 a4 21. Nd2 Rac8 22.
Rde1 Rc5 23. Bxf6 Bxf6 24. Ne4 Rcc8 25. Nxf6+ exf6 26. Rxe8+ Rxe8 27. Rxe8+ Qxe8
28. Qe2 Qxe2 29. Bxe2 Ba6 30. Kf2 f5 31. Ke3 f6 32. g3 Kf7 33. Bd3 Ke7 34. Kd4
1/2-1/2

[Event "POLFINAL MISTRZOSTW POLSKI JUNIOROW 2019 - D13"]
[Site "Ustron"]
[Date "1899-12-30"]
[Round "9.3"]
[White "Mazurek, Maja"]
[Black "Egeman, Emilia"]
[Result "0-1"]
[WhiteTitle "I"]
[BlackTitle "II+"]
[WhiteElo "1246"]
[BlackElo "1177"]

1. d4 Nf6 2. c4 g6 3. Nc3 Bg7 4. e4 d6 5. Be2 O-O 6. Bg5 c5 7. d5 e6 8. Qd2 Qb6
9. h4 h5 10. f3 exd5 11. cxd5 Nbd7 12. Rh3 c4 13. Be3 Qa5 14. Rg3 b5 15. Nh3 b4
16. Nd1 Ne5 17. Ng5 Ba6 18. a3 Rfb8 19. Rc1 Qa4 20. axb4 Qxb4 21. Qxb4 Rxb4 22.
Ra1 Bb5 23. Rxa7 Rxa7 24. Bxa7 Nfd7 25. Be3 Nc5 26. Bxc5 dxc5 27. Kd2 Nd3 28.
Bxd3 cxd3 29. Kc1 Rc4+ 30. Kb1 d2 31. Ka2 Rc1 32. Nf2 Bc4+ 33. b3 Ra1# 0-1

[Event "POLFINAL MISTRZOSTW POLSKI JUNIOROW 2019 - D13"]
[Site "Ustron"]
[Date "1899-12-30"]
[Round "9.4"]
[White "Kucharska, Helena"]
[Black "Sidlo, Malgorzata"]
[Result "1/2-1/2"]
[WhiteTitle "I"]
[BlackTitle "II+"]
[WhiteElo "1630"]
[BlackElo "1118"]

1. e4 e5 2. Nf3 Nf6 3. Nc3 Bb4 4. Nxe5 O-O 5. d3 d5 6. Bd2 Re8 7. Nf3 Bxc3 8. Bxc3
dxe4 9. dxe4 Qxd1+ 10. Rxd1 Nxe4 11. Be2 Nxc3 12. bxc3 Be6 13. Nd4 Bc4 14. O-O
Bxe2 15. Nxe2 Nc6 16. Rfe1 Rad8 17. Nd4 Nxd4 18. cxd4 Rxe1+ 19. Rxe1 Kf8 20. Rd1
Rd5 21. c4 Ra5 22. Rd2 Ke7 23. Kf1 Kd6 24. Ke2 Ra3 25. Rc2 h6 26. Kd2 c6 27. Rb2
b6 28. h3 g6 29. Kc2 h5 30. Kd2 h4 1/2-1/2

[Event "POLFINAL MISTRZOSTW POLSKI JUNIOROW 2019 - D13"]
[Site "Ustron"]
[Date "1899-12-30"]
[Round "9.5"]
[White "Staniewicz, Adrianna"]
[Black "Para, Aleksandra"]
[Result "1/2-1/2"]
[WhiteTitle "WCM"]
[BlackTitle "II+"]
[WhiteElo "1223"]
[BlackElo "1186"]

1. e4 c5 2. Nf3 d6 3. d4 cxd4 4. Nxd4 Nf6 5. Nc3 a6 6. Bd3 e5 7. Nde2 Be7 8. O-O
O-O 9. f4 exf4 10. Nxf4 Bg4 11. Qe1 Re8 12. Qg3 Nc6 13. Ncd5 Ne5 14. Nxe7+ Qxe7
15. h3 Bd7 16. Nd5 Nxd5 17. exd5 Nxd3 18. Qxd3 Qe4 19. Qxe4 Rxe4 20. b3 Rae8 21.
Bf4 Rd8 22. Rae1 Rxe1 23. Rxe1 Bf5 24. c4 Kf8 25. Kf2 h6 26. a3 Bc2 27. Re3 b6
28. g4 Bg6 29. Ke2 Rd7 30. Kd2 Rd8 31. Kc3 Bh7 32. Kd2 Bg6 33. Kc3 Bh7 34. Kb4
Bg8 35. a4 f6 36. Kc3 a5 37. Re1 Bf7 38. Bg3 Rd7 39. Kd2 Rd8 40. Re4 Rd7 41. Re1
Rd8 42. Bf2 Rb8 43. Bg3 Rd8 44. Kc3 Rd7 45. b4 Rd8 46. bxa5 bxa5 47. Kb3 1/2-1/2

[Event "POLFINAL MISTRZOSTW POLSKI JUNIOROW 2019 - D13"]
[Site "Ustron"]
[Date "1899-12-30"]
[Round "9.6"]
[White "Nowak, Zuzanna"]
[Black "Kokot, Agnieszka"]
[Result "1/2-1/2"]
[WhiteTitle "I"]
[BlackTitle "II+"]
[WhiteElo "1180"]
[BlackElo "1177"]

1. e4 c5 2. c3 d5 3. exd5 Qxd5 4. d4 Nf6 5. Nf3 e6 6. Bd3 Nc6 7. O-O cxd4 8. cxd4
Be7 9. Nc3 Qd6 10. Bg5 O-O 11. Rc1 Nd5 12. Bxe7 Ncxe7 13. Nb5 Qd8 14. Re1 a6 15.
Nc3 b5 16. a3 Bb7 17. Qc2 Ng6 18. Be4 Rc8 19. Qd2 Qd6 20. g3 Rfd8 21. Ne2 Rc7
22. Rxc7 Qxc7 23. Rc1 Qb8 24. Nc3 Nxc3 25. Bxb7 Qxb7 26. Qxc3 Rf8 27. Qc6 Qxc6
28. Rxc6 Ra8 29. Rc7 h6 30. Nd2 Rb8 31. Rc6 a5 32. b4 axb4 33. axb4 Ne7 34. Rc2
Nd5 35. Rb2 Nc3 36. Nf3 Nd5 1/2-1/2

[Event "POLFINAL MISTRZOSTW POLSKI JUNIOROW 2019 - D13"]
[Site "Ustron"]
[Date "1899-12-30"]
[Round "9.7"]
[White "Sobieraj, Wiktoria"]
[Black "Pietrzak, Emilia"]
[Result "0-1"]
[WhiteTitle "I"]
[BlackTitle "I"]
[WhiteElo "1194"]
[BlackElo "1224"]

1. Nf3 d5 2. d4 Nf6 3. g3 c6 4. Bg2 Bf5 5. c4 e6 6. O-O h6 7. Nbd2 Bd6 8. b3 O-O
9. Nh4 Bh7 10. Re1 Bb4 11. Bb2 Qa5 12. a3 Bxd2 13. b4 Bxb4 14. axb4 Qc7 15. c5
a6 16. Nf3 Nbd7 17. Bc1 Nh5 18. Nd2 e5 19. e3 Nhf6 20. Bb2 Rfe8 21. Bh3 e4 22.
f3 Nf8 23. f4 Ne6 24. Kh1 Kh8 25. Qe2 Qe7 26. Rg1 Nd7 27. Qh5 Nf6 28. Qe2 Qd8
29. Raf1 Qe7 30. f5 Ng5 31. Bg2 Bg8 32. h4 Ngh7 33. Bh3 g5 34. fxg6 fxg6 35. Nb3
Rf8 36. Qh2 Be6 37. Bc1 Qd7 38. Bxe6 Qxe6 39. Na5 Ng4 40. Qe2 Rab8 41. Bd2 h5
42. Rxf8+ Nxf8 43. Rf1 Nh7 44. Kg2 Qd7 45. Be1 Nhf6 46. Bd2 Rf8 47. Be1 Rf7 48.
Bd2 Qe7 49. Nb3 Qf8 50. Bc1 Kg7 51. Bd2 Qd8 52. Na5 Qc7 53. Bc1 Nh6 54. Bd2 Nhg8
55. Be1 Ne7 56. Bf2 Nf5 57. Qe1 Ng4 58. Kg1 Nxh4 59. Kh1 Nf3 60. Qe2 h4 61. Bg1
hxg3 62. Qg2 Kg8 63. Qh3 Rh7 64. Qxh7+ Qxh7+ 65. Bh2 Qxh2# 0-1

[Event "POLFINAL MISTRZOSTW POLSKI JUNIOROW 2019 - D13"]
[Site "Ustron"]
[Date "1899-12-30"]
[Round "9.8"]
[White "Baran, Dagmara"]
[Black "Rojek, Paulina"]
[Result "1/2-1/2"]
[WhiteTitle "I"]
[BlackTitle "I"]
[WhiteElo "1259"]
[BlackElo "1092"]

1. e4 c5 2. Nf3 Nc6 3. Bb5 d6 4. Bxc6+ bxc6 5. d3 g6 6. Be3 Bg7 7. Nc3 Bxc3+ 8.
bxc3 Nf6 9. h3 O-O 10. O-O Bb7 11. c4 a6 12. Qd2 Qc7 13. Qc3 e5 14. Qd2 Rfe8 15.
Nh2 d5 16. cxd5 cxd5 17. f3 d4 18. Bf2 Nd7 19. Qg5 f6 20. Qd2 Rac8 21. Rfc1 Kh8
22. Rab1 Rb8 23. Be1 Rec8 24. Qa5 Qxa5 25. Bxa5 c4 26. dxc4 Rxc4 27. Nf1 Rcc8
28. c3 dxc3 29. Rxc3 Rxc3 30. Bxc3 Bc6 31. Rxb8+ Nxb8 32. Ne3 Bb5 33. a3 Kg7 34.
Kf2 Nc6 1/2-1/2

[Event "POLFINAL MISTRZOSTW POLSKI JUNIOROW 2019 - D13"]
[Site "Ustron"]
[Date "1899-12-30"]
[Round "9.9"]
[White "Wiszniewska, Gabriela"]
[Black "Lajdamik, Anna"]
[Result "0-1"]
[WhiteTitle "I"]
[BlackTitle "I"]
[WhiteElo "1061"]
[BlackElo "1356"]

1. e4 c6 2. d4 d5 3. exd5 cxd5 4. c4 Nf6 5. Nc3 g6 6. Bf4 Nc6 7. Nf3 Bg4 8. Be3
Bxf3 9. Qxf3 dxc4 10. Bxc4 Bg7 11. Bb5 O-O 12. Bxc6 bxc6 13. Qxc6 Rc8 14. Qf3
Qb6 15. Qe2 Rfd8 16. Rd1 Nd5 17. Nxd5 Rxd5 18. O-O e6 19. Rc1 Rcd8 20. Rfd1 Bxd4
21. Bxd4 Rxd4 22. Rxd4 Qxd4 23. g3 Qb4 24. Qc2 Rd2 25. Qc8+ Kg7 26. Qc3+ Qxc3
27. bxc3 Rxa2 28. c4 Ra6 29. Kf1 Kf6 30. Ke2 e5 31. Ke3 Ke6 32. g4 Ra3+ 33. Ke2
Kd6 34. f3 Kc5 35. Rc2 a5 36. h4 a4 37. Rc1 Rb3 38. Rf1 a3 39. Kd2 a2 40. Kc2
Rb1 41. Rxb1 axb1=Q+ 42. Kxb1 Kxc4 43. Kc2 Kd4 44. Kd2 e4 45. Ke2 f5 46. gxf5
gxf5 47. h5 e3 48. h6 f4 49. Ke1 Ke5 50. Ke2 Kf5 51. Kd3 Kg5 52. Ke2 Kxh6 53.
Ke1 Kg5 54. Ke2 h5 55. Kf1 h4 56. Kg2 h3+ 57. Kxh3 e2 58. Kg2 e1=Q 59. Kh2 Qf2+
60. Kh3 Qg3# 0-1

[Event "POLFINAL MISTRZOSTW POLSKI JUNIOROW 2019 - D13"]
[Site "Ustron"]
[Date "1899-12-30"]
[Round "9.10"]
[White "Walendykiewicz, Martyna"]
[Black "Gac-mytych, Sara"]
[Result "0-1"]
[WhiteTitle "I"]
[BlackTitle "II"]
[WhiteElo "1223"]
[BlackElo "1069"]

1. e4 e5 2. Nf3 Nf6 3. Nxe5 d6 4. Nf3 Nxe4 5. Qe2 Qe7 6. d3 Nf6 7. Bg5 Be6 8. Nd4
Bg4 9. Qxe7+ Bxe7 10. Nb5 Bd8 11. h3 Bd7 12. Nd4 c5 13. Nf3 h6 14. Bxf6 Bxf6 15.
Nc3 Bc6 16. Be2 O-O 17. O-O Nd7 18. Rab1 Rfe8 19. Rfe1 Re7 20. Kf1 Rb8 21. Nh2
Ne5 22. Ng4 Nxg4 23. Bxg4 Rbe8 24. Rxe7 Rxe7 25. Ne2 g5 26. Ng3 Kh7 27. Bf5+ Kg8
28. Bg4 Kh7 29. Nf5 Rd7 30. b3 Rd8 31. Rd1 Kg6 32. Ne3 Kg7 33. Bh5 Kf8 34. Nf5
Bg7 35. Re1 Rd7 36. Bg4 f6 37. Re6 d5 38. Bh5 Rc7 39. Re1 b5 40. h4 c4 41. hxg5
fxg5 42. Re6 cxd3 43. cxd3 b4 44. Re2 Bb5 45. Kg1 Rc1+ 46. Kh2 Rc7 47. Nd6 Bd7
48. Be8 Bc3 49. Bxd7 Rxd7 50. Re8+ Kg7 51. Nb5 a6 52. Nxc3 bxc3 53. Rc8 d4 54.
Rc4 Kf7 55. Kg3 Ke6 56. Kf3 Kd5 57. b4 Re7 58. Rc5+ Kd6 59. Rc4 Kd5 60. Rc5+ Kd6
61. Rc4 Rc7 62. Ke2 c2 63. Kd2 Rxc4 64. dxc4 d3 65. a4 Kc6 66. g4 Kb6 67. f3 a5
68. b5 Kc5 69. Kc1 Kb6 70. Kd2 Kc5 71. Kc1 Kxc4 72. b6 Kc3 73. b7 d2# 0-1